Eyeless in Gaza : (Record no. 21411)
[ view plain ]
| 000 -LEADER | |
|---|---|
| fixed length control field | 00655nam a2200217 a 4500 |
| 001 - CONTROL NUMBER | |
| control field | 21411 |
| 003 - CONTROL NUMBER IDENTIFIER | |
| rucl marc code | BD-RjUL |
| 005 - DATE AND TIME OF LATEST TRANSACTION | |
| control field | 20211209000701.0 |
| 008 - FIXED-LENGTH DATA ELEMENTS--GENERAL INFORMATION | |
| fixed length control field | 140304s19551936enk 000 0 eng d |
| 035 ## - SYSTEM CONTROL NUMBER | |
| System control number | (BD-RjUL)21475 |
| 040 ## - CATALOGING SOURCE | |
| Original cataloging agency | BD-RjUL |
| Language of cataloging | eng |
| Transcribing agency | BD-RjUL |
| Modifying agency | BD-RjUL |
| 041 ## - LANGUAGE CODE | |
| Language code of text/sound track or separate title | eng |
| 082 ## - DEWEY DECIMAL CLASSIFICATION NUMBER | |
| Classification number | 823 |
| Author mark and year | HUE 1955 |
| 100 1# - MAIN ENTRY--PERSONAL NAME | |
| Personal name | Huxley, Aldous, |
| Dates associated with a name | 1894-1963. |
| 9 (RLIN) | 66170 |
| 245 10 - TITLE STATEMENT | |
| Title | Eyeless in Gaza : |
| Remainder of title | a novel / |
| Statement of responsibility, etc. | Aldous Huxley |
| 260 ## - PUBLICATION, DISTRIBUTION, ETC. (IMPRINT) | |
| Place of publication, distribution, etc. | Harmondsworth : |
| Name of publisher, distributor, etc. | Penguin Books in association with Chatto & Windus, |
| Date of publication, distribution, etc. | 1936 [Reprinted 1950,1955] |
| 300 ## - PHYSICAL DESCRIPTION | |
| Pagination | 619 p. ; |
| Size | 18 cm. |
| 500 ## - GENERAL NOTE | |
| General note | First published 1936. |
| 650 ## - SUBJECT ADDED ENTRY--TOPICAL TERM | |
| Topical term or geographic name as entry element | Fiction |
| 9 (RLIN) | 66171 |
| 942 ## - ADDED ENTRY ELEMENTS (KOHA) | |
| Source of classification or shelving scheme | Dewey Decimal Classification |
| Koha item type | Books |
| Lost status | Source of classification or shelving scheme | Damaged status | Not for loan | Collection code | Permanent Location | Current Location | Shelving location | Date acquired | Source of acquisition | Cost, normal purchase price | Total Checkouts | Full call number | Date last seen | Copy number | Koha item type |
|---|---|---|---|---|---|---|---|---|---|---|---|---|---|---|---|
| Dewey Decimal Classification | Fiction | Central Library, University of Rajshahi | Central Library, University of Rajshahi | 21/03/1964 | Zeitlinger | 10.00 | 823 HUE 1955 | 04/03/2014 | C-3 | Books | |||||
| Dewey Decimal Classification | Added to bundle | Fiction | Central Library, University of Rajshahi | Central Library, University of Rajshahi | Reading Room | 12/09/1956 | Pak. American | 8.90 | 823 HUE 1950 | 04/03/2014 | C-1 | Books | |||
| Dewey Decimal Classification | Fiction | Central Library, University of Rajshahi | Central Library, University of Rajshahi | 21/03/1964 | Zetlinger | 10.60 | 823 HUE 1955 | 04/03/2014 | C-2 | Books |